• 首页
  • 本馆介绍
  • 公告通知
  • 最新文献
  • 馆藏检索
  • 电子资源
  • 读者导购
  • 参考咨询
  • 我的图书馆
  • 登录
  • 详细信息显示
  • 放入我的书架
  • 预约/预借图书
  • 作者相关作品
  • 分类相关作品
  • 丛书相关作品
  • 出版社相关作品

书目信息

  • 表格格式
  • 工作单格式
  • 卡片格式
题名:
政治经济学教科书
    
 
作者: 鲁缅采夫 , Румянцев 主编 ;毛蓉芳 译
分册: 上册  
出版信息: 长春   吉林人民出版社  1981
页数: 342页
开本: 21cm
丛书名:
单 册:
中图分类: F0-0 , F016
科图分类:
主题词: 政治经济学--教材 , 政治经济学--概论
电子资源:
ISBN:
000 01010nam0 2200325 45
001 0181002710
005 20060813172650.03
010    @dCNY1.12
091    @a4091.161
100    @a19950405d1981 em y0chiy0121 ea
101 1  @achi@crus
102    @aCN@b220000
105    @ay j 000yy
106    @ar
200 10 @a政治经济学教科书@h上册@Azheng zhi jing ji xue jiao ke shu@f(苏)鲁缅采夫(А.М.Румянцев)主编@g毛蓉芳等译
210    @a长春@c吉林人民出版社@d1981
215    @a342页@d21cm
300    @a书名原文:Политическая экономия
300    @a限国内发行
510 1  @aПолитическая экономия@zrus
606    @a政治经济学@x教材
606 0  @a政治经济学@x概论
690    @aF0-0@v3
690    @aF016@v3
701  1 @a鲁缅采夫@Alu mian cai fu@bА.М.@4主编
701 A1 @aРумянцев@bА.М.@4主编
702  0 @a毛蓉芳@Amao rong fang@4译
801  0 @aCN@b上海图书馆@c20060813
801  2 @aCN@bNLC@c20040424
905    @f2@b60253-254@dF016@e1:1
    
    政治经济学教科书.上册/(苏)鲁缅采夫(А.М.Румянцев)主编/毛蓉芳等译.-长春:吉林人民出版社,1981
    342页;21cm
    书名原文:Политическая экономия.-限国内发行
    
    ISBN :CNY1.12
    
●
相关链接 在E读中查询图书 在五车中查询图书 在当当中查询图书 在豆瓣中查询图书


正题名:政治经济学教科书     索取号:F016/1:1         预约/预借

序号 登录号 条形码 馆藏地/架位号 状态 备注
1 0060253   001265525   第一样本阅览室/ [索取号:F016/1:1] 在馆    
2 0060254   001265561   第一借阅区/ [索取号:F016/1:1] 在馆    
唐山师范学院图书馆 欢迎您!
大连网信软件有限公司© 版权所有